| 000 | 00509nam a2200193Ia 4500 | ||
|---|---|---|---|
| 008 | 191130s2004##################000#0#eng## | ||
| 020 | _a9781580421355 | ||
| 022 | _a2003113830 | ||
| 040 |
_aACL _cACL |
||
| 082 | _a795.423 ALL | ||
| 100 | _aAllen, J. Edward | ||
| 245 |
_aBasics of winning blackjack _cJ. Edward Allen |
||
| 250 | _a4th ed | ||
| 260 |
_aBrooklyn, NY _bCardoza Publishing _c2004 |
||
| 300 | _a64 p. | ||
| 990 | _a03ee4078ac10000c319613f41f5ca473 | ||
| 991 | _a390016 | ||
| 999 |
_c112308 _d112308 |
||